[Event "Oberliga Nord O 1819"]
[Site "Germany"]
[Date "2019.03.24"]
[Round "8.6"]
[White "Lachmann, Utz"]
[Black "Venske, Kai Gerrit"]
[Result "1-0"]
[WhiteElo "2191"]
[BlackElo "2172"]
[PlyCount "79"]
[EventDate "2018.10.21"]
[EventType "team-tourn"]
[EventRounds "9"]
[EventCountry "GER"]
[SourceTitle "EXT 2020"]
[Source "ChessBase"]
[SourceDate "2019.10.17"]
[SourceVersion "1"]
[SourceVersionDate "2019.10.17"]
[SourceQuality "1"]
[WhiteTeam "Berlin SF III"]
[BlackTeam "Berlin Weisse Dame"]
[WhiteTeamCountry "GER"]
[BlackTeamCountry "GER"]

1. e4 d5 2. exd5 Qxd5 3. Nc3 Qa5 4. d4 Nf6 5. Nf3 c6 6. Bd3 Bg4 7. h3 Bh5 8. Bf4 e6 9. 0-0 Qd8 10. Re1 Bb4 11. a3 Ba5 12. b4 Bb6 13. g4 Bg6 14. Be5 0-0 15. Bxg6 hxg6 16. Qe2 Bc7 17. Rad1 Nbd7 18. Ne4 Nxe4 19. Qxe4 Nb6 20. Rd3 Qc8 21. h4 Bd8 22. Bd6 Re8 23. h5 g5 24. Ne5 f5 25. Qf3 Nd5 26. c4 Nf6 27. Rde3 f4 28. R3e2 Bb6 29. Qd3 Nd7 30. Qg6 Bxd4 31. Qf7+ Kh8 32. Nxd7 Qd8 33. c5 a5 34. h6 axb4 35. hxg7+ Bxg7 36. axb4 f3 37. Rxe6 Rxe6 38. Rxe6 Ra1+ 39. Kh2 Ra8 40. Nb6 1-0

[Event "Oberliga Nord O 1516"]
[Site "Germany"]
[Date "2016.01.17"]
[Round "5.3"]
[White "Nogly, Christoph"]
[Black "Venske, Kai Gerrit"]
[Result "0-1"]
[WhiteElo "2250"]
[BlackElo "2151"]
[PlyCount "78"]
[EventDate "2015.09.20"]
[EventType "team-tourn"]
[EventRounds "9"]
[EventCountry "GER"]
[SourceTitle "CBM 170 Extra"]
[Source "ChessBase"]
[SourceDate "2016.02.25"]
[SourceVersion "1"]
[SourceVersionDate "2016.02.25"]
[SourceQuality "1"]
[WhiteTeam "Berlin SF"]
[BlackTeam "Weisse Dame"]
[WhiteTeamCountry "GER"]
[BlackTeamCountry "GER"]

1. d4 f5 2. g3 Nf6 3. Bg2 g6 4. c4 Bg7 5. Nc3 d6 6. Nh3 0-0 7. d5 Nbd7 8. 0-0 Nc5 9. Qc2 a5 10. b3 e5 11. dxe6 Nxe6 12. Bb2 Ng4 13. e3 g5 14. Qe2 Qe8 15. Rad1 Qh5 16. f3 Ne5 17. Rd2 Bd7 18. Nd1 Be8 19. f4 Ng4 20. Ndf2 Bxb2 21. Rxb2 Nxf2 22. Qxh5 Bxh5 23. Kxf2 Nc5 24. Rd2 g4 25. Ng1 Be8 26. Ne2 Bd7 27. Nc3 Bc6 28. Bd5+ Kg7 29. Re1 Rae8 30. Rd4 Rf6 31. Rd2 h5 32. Rh1 h4 33. Rdd1 Rh6 34. gxh4 Rxh4 35. Rdg1 Reh8 36. Rg2 Kf8 37. Bxc6 bxc6 38. Ke2 Rh3 39. e4 Rxc3 0-1

[Event "Oberliga Nord O 1516"]
[Site "Germany"]
[Date "2015.11.15"]
[Round "3.3"]
[White "Venske, Kai Gerrit"]
[Black "Schmidek, Emil"]
[Result "1-0"]
[WhiteElo "2151"]
[BlackElo "2174"]
[PlyCount "87"]
[EventDate "2015.09.20"]
[EventType "team-tourn"]
[EventRounds "9"]
[EventCountry "GER"]
[SourceTitle "CBM 170 Extra"]
[Source "ChessBase"]
[SourceDate "2016.02.25"]
[SourceVersion "1"]
[SourceVersionDate "2016.02.25"]
[SourceQuality "1"]
[WhiteTeam "Weisse Dame"]
[BlackTeam "Makkabi Berlin"]
[WhiteTeamCountry "GER"]
[BlackTeamCountry "GER"]

1. d4 Nf6 2. Bg5 Ne4 3. Bf4 c5 4. f3 Nf6 5. d5 Qb6 6. Bc1 e6 7. e4 exd5 8. exd5 c4 9. Bxc4 Bc5 10. Ne2 Qb4+ 11. Nd2 Be3 12. Bb3 0-0 13. Kf1 Qc5 14. Nc3 Re8 15. Nde4 Nxe4 16. Nxe4 Qb6 17. Qe2 Rxe4 18. fxe4 Bxc1 19. Rxc1 Qf6+ 20. Qf2 Qxb2 21. d6 Qf6 22. Qxf6 gxf6 23. Ke2 Nc6 24. Rhf1 Kg7 25. Rf4 b6 26. Ke3 Ba6 27. Rd1 Rc8 28. Rd5 Nb4 29. Rdf5 Nxc2+ 30. Kd2 Nd4 31. Rxf6 Nxb3+ 32. axb3 Rf8 33. e5 Bb7 34. Rg4+ Kh8 35. e6 dxe6 36. d7 Bc6 37. Rxf7 Rd8 38. Rgg7 Be4 39. Re7 Bc6 40. Rxh7+ Kg8 41. h4 Be4 42. Re8+ Kxh7 43. Rxd8 Bc6 44. Rh8+ 1-0

[Event "Niedersachsen-ch"]
[Site "Verden"]
[Date "2008.01.04"]
[Round "3"]
[White "Venske, Kai Gerrit"]
[Black "Hupe, Henning"]
[Result "1/2-1/2"]
[WhiteElo "2158"]
[BlackElo "2059"]
[PlyCount "59"]
[EventDate "2008.01.03"]
[EventType "swiss"]
[EventRounds "7"]
[EventCountry "GER"]
[SourceTitle "EXT 2010"]
[Source "ChessBase"]
[SourceDate "2010.11.25"]
[SourceVersion "1"]
[SourceVersionDate "2010.11.25"]
[SourceQuality "1"]

1. e4 c6 2. d4 d5 3. e5 Bf5 4. Nf3 e6 5. Be2 Ne7 6. 0-0 Nd7 7. Nh4 Bg6 8. Nd2 Nf5 9. Nxg6 hxg6 10. Nf3 Nh4 11. Ne1 Be7 12. b3 Qc7 13. Bb2 Rd8 14. Rc1 a6 15. Qd2 c5 16. c3 Nb6 17. Nc2 c4 18. Rfd1 f6 19. f4 g5 20. Rf1 Ng6 21. fxg5 fxe5 22. Bg4 exd4 23. g3 dxc3 24. Bxc3 e5 25. Bb4 Bc5+ 26. Kg2 Qd6 27. Rce1 Bxb4 28. Nxb4 e4 29. bxc4 Nxc4 30. Qc3 1/2-1/2

[Event "Niedersachsen-ch"]
[Site "Verden"]
[Date "2008.01.03"]
[Round "2"]
[White "Kyas, Philipp"]
[Black "Venske, Kai Gerrit"]
[Result "0-1"]
[WhiteElo "1822"]
[BlackElo "2158"]
[PlyCount "60"]
[EventDate "2008.01.03"]
[EventType "swiss"]
[EventRounds "7"]
[EventCountry "GER"]
[SourceTitle "EXT 2010"]
[Source "ChessBase"]
[SourceDate "2010.11.25"]
[SourceVersion "1"]
[SourceVersionDate "2010.11.25"]
[SourceQuality "1"]

1. e4 c5 2. Nf3 Nf6 3. Nc3 e6 4. d4 cxd4 5. Nxd4 Nc6 6. Be3 Bb4 7. f3 d5 8. Nxc6 bxc6 9. e5 Nd7 10. f4 0-0 11. a3 Bc5 12. b4 Bb6 13. Bxb6 axb6 14. Bd3 Qh4+ 15. g3 Qe7 16. 0-0 f6 17. Qe2 c5 18. exf6 Nxf6 19. Nxd5 Nxd5 20. Qe4 g6 21. c4 Nc7 22. b5 Qf6 23. Rfd1 Rb8 24. Qc6 Qd4+ 25. Kf1 Qg7 26. Be2 e5 27. Kg1 exf4 28. gxf4 Qe7 29. Qf3 Bb7 30. Qf2 Qe4 0-1

[Event "Oberliga Nord O 0506"]
[Site "Germany"]
[Date "2006.04.02"]
[Round "9.7"]
[White "Preuss, Siegfried"]
[Black "Venske, Kai Gerrit"]
[Result "1-0"]
[WhiteElo "1996"]
[BlackElo "2164"]
[PlyCount "135"]
[EventDate "2005.10.23"]
[EventType "team-tourn"]
[EventRounds "9"]
[EventCountry "GER"]
[SourceTitle "EXT 2007"]
[Source "ChessBase"]
[SourceDate "2006.11.23"]
[SourceVersion "1"]
[SourceVersionDate "2006.11.23"]
[SourceQuality "1"]
[WhiteTeam "Frankfurt Preussen"]
[BlackTeam "Weisse Dame"]
[WhiteTeamCountry "GER"]
[BlackTeamCountry "GER"]

1. d4 d5 2. e4 c6 3. Nc3 dxe4 4. Nxe4 Nf6 5. Nxf6+ exf6 6. Nf3 Na6 7. Be3 Bd6 8. Bd3 Nb4 9. Bc4 Bf5 10. Bb3 0-0 11. 0-0 Re8 12. a3 Nd5 13. Qd2 Be4 14. c4 Ne7 15. Ne1 Nf5 16. Bd1 Qc7 17. h3 Rad8 18. Nf3 c5 19. d5 b5 20. b3 Re7 21. Re1 Nxe3 22. fxe3 Bg3 23. Rf1 Qd6 24. Rc1 bxc4 25. bxc4 Rb8 26. Bc2 Rb2 27. Qc3 Rxc2 28. Rxc2 Bxc2 29. Qxc2 Rxe3 30. Qf5 Rxa3 31. Ng5 g6 32. Qc8+ Qf8 33. Qxf8+ Kxf8 34. Nxh7+ Ke7 35. Nxf6 Re3 36. Ng4 Re4 37. Rc1 Kd6 38. Nf2 Re2 39. Nh1 Be5 40. Kf1 Ra2 41. Nf2 f5 42. Re1 Rd2 43. Re2 Rd4 44. Rc2 a5 45. Ke2 a4 46. Nd3 Bf6 47. Ke3 Bg5+ 48. Ke2 Re4+ 49. Kd1 Re3 50. Nc1 a3 51. Na2 Rd3+ 52. Ke1 Rb3 53. Ke2 Bf4 54. Kd1 Rb1+ 55. Ke2 Be5 56. Kd2 Rg1 57. Kd3 Rd1+ 58. Ke2 Ra1 59. Kd3 Rb1 60. Ke2 Bd4 61. Kd2 Rb3 62. Ke2 Rg3 63. Ke1 Re3+ 64. Kd1 Rb3 65. Ke2 Ke5 66. Kd2 Kf4 67. Nc1 Rg3 68. Ne2+ 1-0

[Event "Berlin tt 0001"]
[Site "Berlin"]
[Date "2001.02.04"]
[Round "11.4"]
[White "Venske, Kai Gerrit"]
[Black "Badestein, Hartmut"]
[Result "1/2-1/2"]
[WhiteElo "2186"]
[BlackElo "2130"]
[PlyCount "108"]
[EventDate "2000.10.22"]
[EventType "team-tourn"]
[EventRounds "11"]
[EventCountry "GER"]
[SourceTitle "EXT 2007"]
[Source "ChessBase"]
[SourceDate "2006.11.23"]
[SourceVersion "1"]
[SourceVersionDate "2006.11.23"]
[SourceQuality "1"]

1. e4 c5 2. Nf3 e6 3. c3 d5 4. exd5 exd5 5. d4 Nc6 6. h3 Bd6 7. Be2 Nge7 8. dxc5 Bxc5 9. b4 Bd6 10. Na3 0-0 11. Nc2 Bf5 12. 0-0 Rc8 13. Ne3 Be4 14. Nd2 Bg6 15. Nb3 Bb8 16. Bg4 Qd6 17. f4 Rcd8 18. b5 Ne5 19. fxe5 Qxe5 20. Nd4 Qh2+ 21. Kf2 f5 22. Bf3 Qg3+ 23. Kg1 Qh2+ 24. Kf2 Qg3+ 25. Ke2 Qe5 26. Kd2 Qf6 27. Re1 Be5 28. Ke2 Bg3 29. Rg1 Rfe8 30. Kf1 Qd6 31. Ne2 Be5 32. Nc2 f4 33. Ncd4 Nc8 34. Qe1 Nb6 35. Qf2 Nc4 36. Bg4 Ne3+ 37. Bxe3 fxe3 38. Qh4 Bf6 39. Qg3 Qb6 40. Bf3 Qc5 41. Qe1 Qc4 42. g3 Be4 43. Bxe4 Rxe4 44. Kg2 Rf8 45. Rf1 Ree8 46. Nf3 Qxb5 47. Rb1 Qc4 48. Rb2 b6 49. Qc1 Be7 50. Qc2 Bf6 51. Rb4 Qc5 52. Qb3 Rd8 53. Rd1 Kh8 54. Rb5 Qc8 1/2-1/2

[Event "Berlin tt 0001"]
[Site "Berlin"]
[Date "2000.11.05"]
[Round "10.4"]
[White "Vandre, Wolfgang"]
[Black "Venske, Kai Gerrit"]
[Result "1-0"]
[WhiteElo "2076"]
[BlackElo "2186"]
[PlyCount "40"]
[EventDate "2000.10.22"]
[EventType "team-tourn"]
[EventRounds "11"]
[EventCountry "GER"]
[SourceTitle "EXT 2007"]
[Source "ChessBase"]
[SourceDate "2006.11.23"]
[SourceVersion "1"]
[SourceVersionDate "2006.11.23"]
[SourceQuality "1"]

1. d4 d5 2. c4 c6 3. Nf3 Nf6 4. Nc3 e6 5. Bg5 h6 6. Bxf6 Qxf6 7. e3 Nd7 8. Bd3 Bb4 9. Qb3 Ba5 10. 0-0 0-0 11. e4 dxe4 12. Nxe4 Qe7 13. Rad1 Rd8 14. Bb1 f5 15. Ng3 Qb4 16. Qc2 b5 17. d5 Nf6 18. Ne5 cxd5 19. Nc6 Qxc4 20. Nxa5 Bd7 1-0

[Event "Oberliga Nord O 9798"]
[Site "Germany"]
[Date "1998.??.??"]
[Round "?"]
[White "Vogel, Robert"]
[Black "Venske, Kai Gerrit"]
[Result "1/2-1/2"]
[WhiteElo "2260"]
[BlackElo "2205"]
[PlyCount "131"]
[EventDate "1997.10.??"]
[EventType "team-tourn"]
[EventRounds "9"]
[EventCountry "GER"]
[SourceTitle "EXT 1999"]
[Source "ChessBase"]
[SourceDate "1998.11.16"]
[SourceVersion "1"]
[SourceVersionDate "1998.11.16"]
[SourceQuality "1"]

1. d4 d5 2. e4 c6 3. c4 dxe4 4. Nc3 Nf6 5. f3 exf3 6. Nxf3 Bg4 7. Be3 Nbd7 8. Be2 Bxf3 9. Bxf3 e5 10. 0-0 exd4 11. Bxd4 Bc5 12. Re1+ Kf8 13. Kh1 Qc7 14. Ne4 Nxe4 15. Rxe4 Bxd4 16. Qxd4 c5 17. Qe3 Nf6 18. Re5 Re8 19. Qxc5+ Qxc5 20. Rxc5 b6 21. Rc6 h5 22. Kg1 Rh6 23. h3 g5 24. Rf1 Re7 25. b4 Kg7 26. g3 g4 27. hxg4 hxg4 28. Bd5 Nxd5 29. cxd5 Rh3 30. Rc3 Re2 31. Rf2 Re1+ 32. Rf1 Re2 33. Rf4 Rd2 34. Rxg4+ Kf8 35. Rc8+ Ke7 36. Rc7+ Kd6 37. Rxf7 Rhh2 38. Rg6+ Ke5 39. Re6+ Kxd5 40. Re1 Rdg2+ 41. Kf1 Rxa2 42. Kg1 Rhg2+ 43. Kf1 Rxg3 44. Re2 Rxe2 45. Kxe2 Ra3 46. Rf4 Kc6 47. Kd2 Kb5 48. Kc2 Ka4 49. Rh4 a6 50. Rh6 Kb5 51. Rh4 Rg3 52. Rf4 Rh3 53. Rg4 Rh6 54. Kb3 Rh3+ 55. Kc2 Ra3 56. Rh4 Ka4 57. Rh6 b5 58. Rxa6+ Kxb4 59. Rh6 Ra2+ 60. Kb1 Rg2 61. Rh3 Ka4 62. Rf3 b4 63. Rh3 Rg4 64. Ka2 Rg2+ 65. Kb1 b3 66. Rh8 1/2-1/2

[Event "Oberliga Nord O 9798"]
[Site "Germany"]
[Date "1997.??.??"]
[Round "?"]
[White "Kleeschaetzky, Ralf"]
[Black "Venske, Kai Gerrit"]
[Result "1/2-1/2"]
[WhiteElo "2265"]
[BlackElo "2205"]
[PlyCount "62"]
[EventDate "1997.10.??"]
[EventType "team-tourn"]
[EventRounds "9"]
[EventCountry "GER"]
[SourceTitle "EXT 1999"]
[Source "ChessBase"]
[SourceDate "1998.11.16"]
[SourceVersion "1"]
[SourceVersionDate "1998.11.16"]
[SourceQuality "1"]

1. Nf3 d5 2. c4 dxc4 3. Qa4+ Nc6 4. g3 Nf6 5. Bg2 Nd7 6. Qxc4 e5 7. a3 g6 8. d3 Nb6 9. Qc2 Bg7 10. Be3 Nd4 11. Bxd4 exd4 12. 0-0 0-0 13. Nbd2 Bd7 14. Ne4 Ba4 15. b3 Bc6 16. Nfd2 f5 17. Nc5 Bxg2 18. Kxg2 Qd5+ 19. Kg1 Rae8 20. Rfe1 f4 21. Nce4 Qf7 22. Nf3 Nd5 23. Rac1 fxg3 24. hxg3 Nc3 25. Nxc3 dxc3 26. Rf1 Qe7 27. d4 Qxe2 28. Qxe2 Rxe2 29. Rxc3 c5 30. Rd3 cxd4 31. Nxd4 Bxd4 1/2-1/2

[Event "Oberliga Nord O 9798"]
[Site "Germany"]
[Date "1997.??.??"]
[Round "?"]
[White "Venske, Kai Gerrit"]
[Black "Schulz, Volker"]
[Result "1/2-1/2"]
[WhiteElo "2205"]
[BlackElo "2275"]
[PlyCount "115"]
[EventDate "1997.10.??"]
[EventType "team-tourn"]
[EventRounds "9"]
[EventCountry "GER"]
[SourceTitle "EXT 1999"]
[Source "ChessBase"]
[SourceDate "1998.11.16"]
[SourceVersion "1"]
[SourceVersionDate "1998.11.16"]
[SourceQuality "1"]

1. e4 g6 2. d4 Bg7 3. Nf3 d6 4. Nc3 Nf6 5. Bf4 0-0 6. Qd2 c6 7. Bh6 Nbd7 8. Bxg7 Kxg7 9. e5 dxe5 10. dxe5 Ng4 11. Qf4 Qb6 12. Nd1 Ndxe5 13. Nd2 Qc7 14. Qd4 c5 15. Qc3 Nf6 16. Ne3 Kg8 17. h4 Neg4 18. Nxg4 Nxg4 19. Nf3 h5 20. Be2 Bf5 21. 0-0 Rad8 22. Rad1 b6 23. g3 Rxd1 24. Rxd1 Rd8 25. Nd4 Be4 26. Nb5 Rxd1+ 27. Bxd1 Qd7 28. Be2 Bc6 29. Qd3 Qxd3 30. Bxd3 a5 31. Be2 Nf6 32. Na3 Nd7 33. Bc4 Kf8 34. Kf1 e6 35. Ke1 Ke7 36. Kd2 Ne5 37. Be2 Nd7 38. Nc4 Bd5 39. Ne3 Be4 40. f3 Bc6 41. c3 Ne5 42. f4 Nd7 43. g4 hxg4 44. Nxg4 Bd5 45. a3 Kd6 46. Bb5 f5 47. Nh6 e5 48. h5 gxh5 49. Nxf5+ Kc7 50. Bxd7 Kxd7 51. fxe5 Be4 52. e6+ Kxe6 53. Ng7+ Kd5 54. Nxh5 Kc4 55. Nf6 Bf5 56. Kc1 a4 57. Kd2 Kb3 58. Ke3 1/2-1/2